Catálogo - Centro de Recursos para el Aprendizaje y la Investigación

Volver al Sitio - CRAI Biblioteca

Diario de sesiones de la Convención Constituyente de Puerto Rico : (Registro nro. 113594)

Detalles MARC
000 -CABECERA
campo de control de longitud fija 00837nam a2200217 4500
001 - NÚMERO DE CONTROL
campo de control 113594
003 - IDENTIFICADOR DEL NÚMERO DE CONTROL
campo de control DR-UNIBE
005 - FECHA Y HORA DE LA ÚLTIMA TRANSACCIÓN
campo de control 20250512091402.0
008 - DATOS DE LONGITUD FIJA--INFORMACIÓN GENERAL
campo de control de longitud fija 250512b |||||||| |||| 00| 0 spa d
040 ## - FUENTE DE LA CATALOGACIÓN
Centro catalogador/agencia de origen BIBLIOTECA UNIBE
Centro/agencia transcriptor BIBLIOTECA UNIBE
Lengua de catalogación spa
Normas de descripción rda
041 ## - CÓDIGO DE LENGUA
Código de lengua del texto/banda sonora o título independiente spa
082 ## - NÚMERO DE LA CLASIFICACIÓN DECIMAL DEWEY
Número de edición 22
Número de clasificación 342.7295029 P977d
110 10 - ENTRADA PRINCIPAL--NOMBRE DE ENTIDAD CORPORATIVA
Nombre de entidad corporativa o nombre de jurisdicción como elemento de entrada Puerto Rico. Constituyente
9 (RLIN) 195210
Término indicativo de función/relación autor
245 10 - MENCIÓN DE TÍTULO
Título Diario de sesiones de la Convención Constituyente de Puerto Rico :
Resto del título 1951 y 1952 /
250 ## - MENCIÓN DE EDICIÓN
Mención de edición Edición conmemorativa
260 ## - PUBLICACIÓN, DISTRIBUCIÓN, ETC.
Lugar de publicación, distribución, etc. Hato Rey :
Nombre del editor, distribuidor, etc. Lexis-Nexis,
Fecha de publicación, distribución, etc. 2003
300 ## - DESCRIPCIÓN FÍSICA
Extensión 4 tomos :
Dimensiones 22 x 15 cm
505 ## - NOTA DE CONTENIDO CON FORMATO
Nota de contenido con formato Tomo 1: Sesión inaugural, septiembre 17, 1951 |<br/>Tomo 2: Sesión diciembre 11 , 1951 |<br/>Tomo 3: Sesiones enero , 1952<br/>Tomo 4: sesiones febrero y julio, 1952<br/>
651 ## - PUNTO DE ACCESO ADICIONAL DE MATERIA--NOMBRE GEOGRÁFICO
Nombre geográfico Puerto Rico
Subdivisión general Constitución
9 (RLIN) 194806
942 ## - ELEMENTOS DE PUNTO DE ACCESO ADICIONAL (KOHA)
Fuente del sistema de clasificación o colocación Sistema de Clasificación Decimal Dewey
Tipo de ítem Koha Libro (general)
Existencias
Estado de retiro Estado de pérdida Fuente del sistema de clasificación o colocación No para préstamo Código de colección Localización permanente Fecha de adquisición Total de préstamos Signatura topográfica completa Código de barras Fecha visto por última vez Número de copia Precio válido a partir de Tipo de ítem Koha
  Disponible Sistema de Clasificación Decimal Dewey   General Biblioteca Central UNIBE 08/04/2025   342.7295029 P977d 250429 12/05/2025 T.1 Ej.1 12/05/2025 Libro (general)
  Disponible Sistema de Clasificación Decimal Dewey   General Biblioteca Central UNIBE 08/04/2025   342.7295029 P977d 250430 12/05/2025 T.2 Ej.1 12/05/2025 Libro (general)
  Disponible Sistema de Clasificación Decimal Dewey   General Biblioteca Central UNIBE 08/04/2025   342.7295029 P977d 250431 12/05/2025 T.3 Ej.1 12/05/2025 Libro (general)
  Disponible Sistema de Clasificación Decimal Dewey     Biblioteca Central UNIBE 08/04/2025   342.7295029 P977d 250432 12/05/2025 T.4 Ej.1 12/05/2025 Libro (general)